000 01832nam0a22003371 4500
001 v19\rc\1545452
005 20260406082956.0
035 _a(NLR Aleph) 005215403
090 _a5451912
_c5451912
100 _a20060620d1882 |||y0rusy50 ca
101 0 _arus
102 _aRU
105 _ay z |||||
200 1 _aСвятитель Филофей - митрополит Сибирский и Тобольский, просветитель сибирских инородцев
_f[Соч.] Прот. Ал. Сулоцкого
205 _a2-е изд., испр. и доп.
210 _aОмск
_cтип. Акм. обл. правл.
_d1882
215 _a[2], 46 с.
300 _aВ конце текста авт.: прот. Александр Сулоцкий
300 _aИзд. 3-е издано под загл.: Жизнь святителя Филофея - митрополита Сибирского и Тобольского, просветителя сибирских инородцев
517 0 _aЖизнь святителя Филофея - митрополита Сибирского и Тобольского, просветителя сибирских инородцев
700 1 _8rus
_7ca
_aСулоцкий
_bА. И.
_f1812-1884
_gАлександр Иванович
_3RU\NLR\AUTH\7748939
_931874
702 0 _4570
_8rus
_7ca
_aФилофей
_cЛещинский, Рафаил Богуславович
_cмитрополит Сибирский и Тобольский
_f1650-1727
_3RU\NLR\AUTH\7744588
_927528
801 0 _aRU
_bNLR
_c20060620
_gpsbo
801 0 _aRU
_bRuMoRGB
_c20060620
_2psbo
801 1 _aRU
_bProSoft-M
_c20060620
_2rusmarc
801 2 _aRU
_bNLR
_c20070425
_2rusmarc
852 _aNLR
_j18.157.2.430
852 _aNLR
_bМф
_jК1/27056
942 _cBOOK
980 _aNB